Continuation study of the potential for solar heating of buildings in Canada /

Bibliographic Details
Main Author: Hollands, K. G. T.
Corporate Author: National Council of Canada. Division of Building Research
Other Authors: Orgill, J. F.
Format: Book
Language:English
Published: Waterloo, Ont. : Office of Research Administration, University of Waterloo, 1977.
Series:Report (University of Waterloo. Research Institute) ; no. 77-02.
Subjects:

MARC

Tag First Indicator Second Indicator Subfields
LEADER 00000cam a2200000 i 4500
001 in00000043971
005 20151007065041.0
008 790201s1977 onca b 00010 eng
010 |a  78324280  
015 |a C*** 
020 |c $3.00 
035 |a (OCoLC)04809288 
035 |9 AAE1184AM 
040 |a DLC  |c DLC  |d TXA  |d UtOrBLW 
043 |a n-cn--- 
049 |a TXAM  |c [1405697] 
050 0 0 |a TH7413  |b .H64 
082 0 |a 697/.78/0971 
100 1 |a Hollands, K. G. T. 
245 1 0 |a Continuation study of the potential for solar heating of buildings in Canada /  |c by K. G. T. Hollands and J. F. Orgill ; prepared for the National Council of Canada, Division of Building Research under Dept. of Supply and Services contract no. 06SU 31040-6-1777. 
264 1 |a Waterloo, Ont. :  |b Office of Research Administration, University of Waterloo,  |c 1977. 
300 |a 41 pages :  |b illustrations ;  |c 28 cm. 
336 |a text  |b txt  |2 rdacontent 
337 |a unmediated  |b n  |2 rdamedia 
338 |a volume  |b nc  |2 rdacarrier 
490 1 |a Report - University of Waterloo Research Institute ; no. 77-02 
500 |a "Project number 4107-1,2,3." 
504 |a Bibliography: page 41. 
650 0 |a Solar heating. 
650 0 |a Solar energy  |z Canada. 
700 1 |a Orgill, J. F. 
710 2 |a National Council of Canada.  |b Division of Building Research. 
830 0 |a Report (University of Waterloo. Research Institute) ;  |v no. 77-02. 
999 |a MARS 
999 f f |s 7a80d3a6-c8f3-3939-8207-55db6165ac04  |i 16d62bf6-ee29-32d7-9888-3c910182a8f0  |t 0 
952 f f |p ric  |a Texas A&M University  |b Rellis Campus  |c Joint Library Facility  |d Remote Storage  |t 0  |e TH7413 .H64  |h Library of Congress classification  |i unmediated -- volume  |m A14805414421 
998 f f |a TH7413 .H64  |t 0  |l Remote Storage